000
00289nam a22001337a 4500
008
190206b xxu||||| |||| 00| 0 eng d
020
_a
9780201729191
041
_a
eng
080
_a
510
100
_a
38
101
_a
MAT
245
_a
Intermediate Algebra
_c
Carson,T
942
_2
udc
_c
BK
999
_c
54094
_d
54094